000 00734nam a2200253Ia 4500
003 OSt
005 20220927110739.0
006 a|||||r|||| 00| 0
007 ta
008 220926b |||||||| |||| 00| 0 eng d
024 _a103304
037 _cReports
040 _aRTL
_cRTL
_beng
041 _2eng
_aeng
082 _a"Z.214.N69t5, L1/GD"
110 _a"Pondicherry, Revenue, Finance and Planning (Deptt)"
_9380101
245 0 _aAnnual plan
260 _aPondicherry
_bGovt Press
_c1971
490 _v1970-71
650 _aGeneralia
700 _a"Pondicherry, Revenue, Finance and Planning (Deptt)"
_9380102
942 _h"Z.214.N69t5, L1/GD"
_cCC
999 _c697812
_d697812